[Event "Xtracon Open 2019"]
[Site "Helsingor"]
[Date "2019.07.21"]
[Round "3"]
[White "Cramling, Pia"]
[Black "Hinrichs, Lars"]
[Result "1-0"]
[WhiteElo "2479"]
[BlackElo "2234"]
[Annotator "ChessBase"]
[PlyCount "63"]
[EventDate "2019.??.??"]
[EventCountry "DEN"]
[SourceTitle "playchess.com"]
[Source "ChessBase"]
[SourceQuality "1"]

1. Nf3 Nf6 2. c4 e6 3. g3 a6 4. Bg2 b5 5. b3 Bb7 6. O-O g6 7. Nc3 b4 8. Na4 Bg7 9. Nc5 Bc6 10. Bb2 d6 11. Nd3 a5 12. a3 Na6 13. axb4 Nxb4 14. Nxb4 axb4 15. Qc2 O-O 16. c5 Rxa1 17. Bxa1 dxc5 18. Qxc5 Bxf3 19. Bxf3 Qxd2 20. Qxc7 Nd5 21. Bxd5 Qxd5 22. Bxg7 Kxg7 23. Qc2 Ra8 24. Rd1 Qe5 25. Kg2 h5 26. e3 Qc3 27. Qe4 Ra2 28. Rd4 Rd2 29. Rxb4 g5 30. Rd4 Rxf2+ 31. Kxf2 Qb2+ 32. Kf1 1-0

[Event "Xtracon Open 2019"]
[Site "Helsingor"]
[Date "2019.07.21"]
[Round "3"]
[White "Korley, Kassa"]
[Black "Schwarz, Frank"]
[Result "1-0"]
[WhiteElo "2437"]
[BlackElo "2224"]
[Annotator "NA"]
[PlyCount "63"]
[EventDate "2019.??.??"]
[EventCountry "DEN"]
[SourceTitle "playchess.com"]
[Source "ChessBase"]
[SourceQuality "1"]

1. d4 Nf6 2. c4 e6 3. Nc3 Bb4 4. Qc2 c5 5. dxc5 Bxc5 6. Nf3 Nc6 7. a3 a5 8. Bf4 O-O 9. e3 Re8 10. Rd1 e5 11. Bg5 h6 12. Bh4 Be7 13. Be2 b6 14. O-O Bb7 15. Nb5 Rf8 16. Bg3 Qb8 17. Nh4 d6 18. Nf5 Rd8 19. Bh4 Bc8 20. Bxf6 Bxf5 21. Qxf5 Bxf6 22. Bf3 Ne7 23. Qe4 Ra7 24. Nxa7 Qxa7 25. Rd2 Ng6 26. Rfd1 Be7 27. Qc6 Qa6 28. c5 e4 29. Bxe4 Ne5 30. Qxb6 Qxb6 31. cxb6 Nc4 32. b7 1-0

[Event "Xtracon Open 2019"]
[Site "Helsingor"]
[Date "2019.07.21"]
[Round "3"]
[White "Zude, Erik"]
[Black "Weber, Samuel"]
[Result "1/2-1/2"]
[WhiteElo "2385"]
[BlackElo "2203"]
[Annotator "TA"]
[PlyCount "100"]
[EventDate "2019.??.??"]
[EventCountry "DEN"]
[SourceTitle "playchess.com"]
[Source "ChessBase"]
[SourceQuality "1"]

1. c4 e5 2. Nc3 d6 3. g3 g6 4. d4 Nd7 5. Nf3 Ngf6 6. Bg2 Bg7 7. O-O O-O 8. Qc2 Re8 9. Rd1 c6 10. h3 a5 11. d5 cxd5 12. Nxd5 Nxd5 13. Rxd5 Nb6 14. Rd1 Qc7 15. Be3 a4 16. Rac1 Bf5 17. Qd2 Red8 18. Qb4 Ra6 19. b3 Bf8 20. Qd2 axb3 21. axb3 Rda8 22. Ng5 h6 23. Ne4 Bxe4 24. Bxe4 Ra2 25. Rc2 Rxc2 26. Qxc2 Kh7 27. h4 f5 28. h5 fxe4 29. Qxe4 Nc8 30. Qxg6+ Kh8 31. Bxh6 Bxh6 32. Qxh6+ Qh7 33. Qf8+ Qg8 34. Qf3 Qh7 35. c5 Qe7 36. Qf5 dxc5 37. h6 Nd6 38. Qg4 Rg8 39. Qf3 Rg6 40. Qh5 Kh7 41. Rd5 Rxh6 42. Qxe5 Qxe5 43. Rxe5 b6 44. f4 Nf7 45. Re7 Kg7 46. e4 Kf8 47. Rb7 Re6 48. e5 Nh6 49. Kg2 Nf5 50. Kf3 Nd4+ 1/2-1/2

[Event "Xtracon Open 2019"]
[Site "Helsingor"]
[Date "2019.07.21"]
[Round "3"]
[White "Andre, Gordon"]
[Black "Machlik, Monika"]
[Result "1-0"]
[WhiteElo "2381"]
[BlackElo "2083"]
[Annotator "ChessBase"]
[PlyCount "107"]
[EventDate "2019.??.??"]
[EventCountry "DEN"]
[SourceTitle "playchess.com"]
[Source "ChessBase"]
[SourceQuality "1"]

1. d4 Nf6 2. Nf3 e6 3. c4 Bb4+ 4. Bd2 a5 5. g3 d6 6. Bg2 Nc6 7. O-O e5 8. Be3 exd4 9. Nxd4 Ne5 10. b3 Bc5 11. Nc3 O-O 12. Bg5 Bxd4 13. Qxd4 h6 14. Bc1 Nc6 15. Qd2 Bf5 16. e4 Bh7 17. Bb2 Re8 18. f3 Nd7 19. Nd5 Nc5 20. Rae1 Ne5 21. Re3 c6 22. Nf4 Qc7 23. Qd4 f6 24. g4 Ng6 25. Nxg6 Bxg6 26. Rd1 Rad8 27. Re2 b6 28. Qf2 Bf7 29. Red2 a4 30. Bd4 axb3 31. axb3 Qb8 32. Rb1 Rd7 33. Bf1 Red8 34. Ra2 Rb7 35. Rd2 Rbd7 36. b4 Na4 37. Qg3 b5 38. cxb5 cxb5 39. Rc1 Qb7 40. Rdc2 Bb3 41. Rc6 Kh8 42. Qf4 Nc5 43. Bxf6 Qxc6 44. Bxd8 Rxd8 45. Qe3 Rc8 46. bxc5 Ba4 47. g5 dxc5 48. Bh3 Rc7 49. Qf4 hxg5 50. Qxg5 c4 51. Bf5 Qb6+ 52. Kh1 Rc6 53. Qh5+ Rh6 54. Qe8# 1-0

[Event "Xtracon Open 2019"]
[Site "Helsingor"]
[Date "2019.07.21"]
[Round "3"]
[White "Fantinel, Thibault"]
[Black "Schrodt, Sebastian"]
[Result "1-0"]
[WhiteElo "2374"]
[BlackElo "2002"]
[Annotator "NA"]
[PlyCount "67"]
[EventDate "2019.??.??"]
[EventCountry "DEN"]
[SourceTitle "playchess.com"]
[Source "ChessBase"]
[SourceQuality "1"]

1. e4 e5 2. Nf3 d6 3. d4 exd4 4. Nxd4 Nf6 5. Nc3 Be7 6. g3 O-O 7. Bg2 Re8 8. O-O c6 9. a4 Bf8 10. h3 Nbd7 11. Re1 Qc7 12. Bf4 Nc5 13. Qd2 Ne6 14. Be3 Nc5 15. Bg5 Be7 16. Rad1 Ne6 17. Be3 Nc5 18. f4 Bf8 19. Bf2 Bd7 20. g4 Nxa4 21. Nxa4 c5 22. Nc3 cxd4 23. Bxd4 Bc6 24. g5 Nd7 25. h4 Nc5 26. h5 Rad8 27. b4 Na4 28. b5 Nb2 29. bxc6 Nxd1 30. Nd5 Qxc6 31. Rxd1 Rc8 32. c3 a5 33. h6 b5 34. hxg7 1-0

[Event "Xtracon Open 2019"]
[Site "Helsingor"]
[Date "2019.07.21"]
[Round "3"]
[White "Gandrud, Vegar Koi"]
[Black "Korobov, Anton"]
[Result "0-1"]
[WhiteElo "2351"]
[BlackElo "2687"]
[Annotator "TA"]
[PlyCount "116"]
[EventDate "2019.??.??"]
[EventCountry "DEN"]
[SourceTitle "playchess.com"]
[Source "ChessBase"]
[SourceQuality "1"]

1. d4 d5 2. c4 e6 3. Nf3 c6 4. g3 dxc4 5. Bg2 b5 6. O-O Bb7 7. Ne5 Nf6 8. b3 cxb3 9. axb3 Be7 10. Nc3 a6 11. e3 O-O 12. Qc2 Nbd7 13. Bxc6 Qc8 14. Bxb7 Qxb7 15. Nxd7 Qxd7 16. Ne4 Nxe4 17. Qxe4 a5 18. Rd1 Rfd8 19. Rd2 a4 20. Rda2 f5 21. Qd3 Rdc8 22. bxa4 Rxa4 23. Rxa4 bxa4 24. Ba3 Bf6 25. Qa6 h5 26. Qd6 Qe8 27. h4 Rc6 28. Qf4 Rc3 29. Qd6 Kh7 30. Rb1 Qg6 31. Qf8 Rxe3 32. Rb8 Rxg3+ 33. fxg3 Qxg3+ 34. Kf1 Qd3+ 35. Kg2 Qe2+ 36. Kh3 Qg4+ 37. Kh2 Qxh4+ 38. Kg2 Qe4+ 39. Kh2 Qf4+ 40. Kg2 h4 41. Bd6 Qe4+ 42. Kf1 Bxd4 43. Qh8+ Kg6 44. Qe8+ Kg5 45. Be7+ Kg4 46. Qxa4 Qd3+ 47. Ke1 f4 48. Qd1+ Qxd1+ 49. Kxd1 h3 50. Ke1 Kf3 51. Kf1 g5 52. Rb3+ Be3 53. Rb2 g4 54. Rh2 Kg3 55. Rh1 e5 56. Bb4 h2 57. Bc3 e4 58. Be1+ Kh3 0-1

[Event "Xtracon Open 2019"]
[Site "Helsingor"]
[Date "2019.07.21"]
[Round "3"]
[White "Vaishali R"]
[Black "Sevian, Samuel"]
[Result "1-0"]
[WhiteElo "2344"]
[BlackElo "2667"]
[Annotator "TA"]
[PlyCount "101"]
[EventDate "2019.??.??"]
[EventCountry "DEN"]
[SourceTitle "playchess.com"]
[Source "ChessBase"]
[SourceQuality "1"]

1. e4 e5 2. Nf3 Nc6 3. Bb5 g6 4. c3 a6 5. Ba4 Bg7 6. d4 exd4 7. cxd4 b5 8. Bc2 d6 9. d5 Na5 10. O-O Nc4 11. Nc3 Nf6 12. Nd4 O-O 13. b3 Nb6 14. a4 bxa4 15. bxa4 a5 16. Rb1 Bd7 17. h3 Re8 18. Nc6 Qc8 19. Qd3 Qb7 20. Nd4 Re7 21. Bg5 h6 22. Bxf6 Bxf6 23. f4 Qa6 24. Ndb5 Rd8 25. Qg3 Nc4 26. e5 Bg7 27. e6 Qb6+ 28. Kh2 Ne3 29. Qh4 Rde8 30. f5 Nxf1+ 31. Rxf1 Bxb5 32. Nxb5 Be5+ 33. Kh1 f6 34. Qxh6 Rg7 35. fxg6 Qc5 36. Qd2 Qc4 37. Qd3 Qh4 38. Na3 f5 39. Nc4 Bf6 40. Qxf5 Rf8 41. Qe4 Qg5 42. Nxa5 c5 43. Nc4 Be7 44. Rf7 Rb8 45. Qf3 Qc1+ 46. Kh2 Rf8 47. Ne3 Qb2 48. Ng4 Rgxf7 49. exf7+ Kh8 50. Qe3 Qg7 51. Qxe7 1-0

[Event "Xtracon Open 2019"]
[Site "Helsingor"]
[Date "2019.07.21"]
[Round "3"]
[White "Gong, Patrick"]
[Black "Moiseenko, Alexander"]
[Result "0-1"]
[WhiteElo "2336"]
[BlackElo "2628"]
[Annotator "TA"]
[PlyCount "98"]
[EventDate "2019.??.??"]
[EventCountry "DEN"]
[SourceTitle "playchess.com"]
[Source "ChessBase"]
[SourceQuality "1"]

1. g3 e5 2. Bg2 d5 3. d3 c5 4. c4 d4 5. Nf3 Nc6 6. O-O Bd6 7. a3 a5 8. a4 f5 9. Na3 Nf6 10. Nb5 h6 11. e3 O-O 12. exd4 cxd4 13. Re1 Re8 14. Nd2 Bb4 15. b3 e4 16. Ba3 e3 17. fxe3 dxe3 18. Bxb4 Nxb4 19. Nf1 f4 20. gxf4 Bg4 21. Bf3 Bxf3 22. Qxf3 Nc2 23. Rac1 Nxe1 24. Rxe1 Qd7 25. Ng3 Rad8 26. d4 Qe7 27. Nf5 Qb4 28. Rxe3 Rxe3 29. Qxe3 Re8 30. Qc3 Re1+ 31. Kg2 Re2+ 32. Kf1 Qxc3 33. Nxc3 Rxh2 34. c5 Rh3 35. Nb5 Nd5 36. Nfd6 b6 37. c6 Rxb3 38. c7 Nxc7 39. Nxc7 Rb4 40. Ndb5 Rxa4 41. Ke2 h5 42. Ke3 h4 43. Kf3 Ra1 44. d5 a4 45. d6 Rd1 46. Ne6 h3 47. Kg3 Rd5 48. f5 Rxb5 49. Nf4 Kf7 0-1

[Event "Xtracon Open 2019"]
[Site "Helsingor"]
[Date "2019.07.21"]
[Round "3"]
[White "Vestby-Ellingsen, Mads"]
[Black "Karthikeyan, Murali"]
[Result "0-1"]
[WhiteElo "2335"]
[BlackElo "2613"]
[Annotator "TA"]
[PlyCount "71"]
[EventDate "2019.??.??"]
[EventCountry "DEN"]
[SourceTitle "playchess.com"]
[Source "ChessBase"]
[SourceQuality "1"]

1. Nf3 Nf6 2. g3 g6 3. Bg2 Bg7 4. O-O c5 5. c4 Nc6 6. d4 cxd4 7. Nxd4 h5 8. Nc3 h4 9. e3 hxg3 10. hxg3 d6 11. Nxc6 bxc6 12. Bxc6+ Bd7 13. Bxa8 Qxa8 14. Nd5 Qc8 15. e4 Nxd5 16. exd5 Qxc4 17. Re1 Be5 18. Qf3 Bg4 19. Qg2 Qd3 20. Be3 g5 21. f3 Bh3 22. Qf2 Qh7 23. Rac1 Bd7 24. Qg2 Bxg3 25. Bxg5 Bxe1 26. Rxe1 e5 27. dxe6 fxe6 28. Re4 Rg8 29. Rh4 Qb1+ 30. Kh2 Bc6 31. Qe2 Kd7 32. Be3 Qf5 33. Rh3 Qe5+ 34. Kh1 Rg3 35. Rh7+ Ke8 36. Qf2 0-1

[Event "Xtracon Open 2019"]
[Site "Helsingor"]
[Date "2019.07.21"]
[Round "3"]
[White "Storme, Isak"]
[Black "Andersen, Mads"]
[Result "0-1"]
[WhiteElo "2330"]
[BlackElo "2605"]
[Annotator "TA"]
[PlyCount "60"]
[EventDate "2019.??.??"]
[EventCountry "DEN"]
[SourceTitle "playchess.com"]
[Source "ChessBase"]
[SourceQuality "1"]

1. e4 c5 2. Nf3 d6 3. d4 cxd4 4. Nxd4 Nf6 5. Nc3 a6 6. Qe2 b5 7. Bg5 e6 8. O-O-O b4 9. Nd5 exd5 10. exd5+ Be7 11. Bxf6 gxf6 12. Qh5 Ra7 13. Bd3 Qa5 14. Kb1 Rf8 15. Rhe1 Kd8 16. Re3 Rc7 17. Rde1 Bb7 18. Qh6 Re8 19. Nf5 Bxd5 20. Nxe7 Bxa2+ 21. Kc1 Be6 22. Nf5 Qa1+ 23. Kd2 Qxb2 24. Nxd6 b3 25. Rd1 bxc2 26. Bxc2 Rxc2+ 27. Ke1 Qb4+ 28. Kf1 Rd2 29. Qxf6+ Kd7 30. Rxd2 Qxd2 0-1

[Event "Xtracon Open 2019"]
[Site "Helsingor"]
[Date "2019.07.21"]
[Round "3"]
[White "Berg, Klaus"]
[Black "Kryakvin, Dmitry"]
[Result "0-1"]
[WhiteElo "2295"]
[BlackElo "2586"]
[Annotator "ChessBase"]
[PlyCount "54"]
[EventDate "2019.??.??"]
[EventCountry "DEN"]
[SourceTitle "playchess.com"]
[Source "ChessBase"]
[SourceQuality "1"]

1. d4 Nf6 2. Nf3 e6 3. e3 d5 4. Bd3 Nbd7 5. O-O b6 6. b3 Bb7 7. Bb2 g6 8. Nbd2 Bg7 9. Qe2 O-O 10. Ba6 Bxa6 11. Qxa6 c5 12. c4 Qc8 13. Qxc8 Rfxc8 14. Rfd1 Rc7 15. Kf1 Rac8 16. Rac1 cxd4 17. Nxd4 a6 18. Ke2 Nc5 19. N4f3 Nfe4 20. Bxg7 Kxg7 21. cxd5 exd5 22. Ne1 Na4 23. Rxc7 Nac3+ 24. Kd3 Rxc7 25. Ra1 Nxf2+ 26. Kd4 Kf6 27. Nc4 Nb5+ 0-1

[Event "Xtracon Open 2019"]
[Site "Helsingor"]
[Date "2019.07.21"]
[Round "3"]
[White "Hobber, Anders"]
[Black "Maze, Sebastien"]
[Result "1-0"]
[WhiteElo "2294"]
[BlackElo "2565"]
[Annotator "ChessBase"]
[PlyCount "49"]
[EventDate "2019.??.??"]
[EventCountry "DEN"]
[SourceTitle "playchess.com"]
[Source "ChessBase"]
[SourceQuality "1"]

1. d4 Nf6 2. Nf3 b6 3. Bg5 Bb7 4. e3 e6 5. Nbd2 d6 6. Bd3 h6 7. Bxf6 Qxf6 8. O-O Nd7 9. Qe2 a6 10. e4 Qd8 11. e5 Be7 12. Rad1 O-O 13. c3 Re8 14. Rfe1 Bf8 15. Ne4 d5 16. Ng3 g6 17. h4 Bg7 18. h5 g5 19. Nh2 f5 20. exf6 Qxf6 21. Bg6 a5 22. Bxe8 Rxe8 23. Qc2 c5 24. Ng4 Qf7 25. Rd3 1-0

[Event "Xtracon Open 2019"]
[Site "Helsingor"]
[Date "2019.07.21"]
[Round "3"]
[White "Jogstad, Martin"]
[Black "Bjerre, Jonas Buhl"]
[Result "0-1"]
[WhiteElo "2259"]
[BlackElo "2503"]
[Annotator "ChessBase"]
[PlyCount "102"]
[EventDate "2019.??.??"]
[EventCountry "DEN"]
[SourceTitle "playchess.com"]
[Source "ChessBase"]
[SourceQuality "1"]

1. d4 Nf6 2. c4 e6 3. g3 d5 4. Nf3 dxc4 5. Bg2 c6 6. Ne5 Bb4+ 7. Nc3 Nd5 8. Bd2 Nb6 9. a3 Be7 10. Nf3 N8d7 11. O-O O-O 12. e4 c5 13. Be3 cxd4 14. Nxd4 Nc5 15. Qe2 Bd7 16. Rfd1 Qc7 17. f4 a6 18. e5 Rac8 19. Rd2 Rfd8 20. Rc1 Be8 21. Ne4 Nxe4 22. Bxe4 Nd5 23. Bf2 b5 24. f5 Bg5 25. fxe6 Bxd2 26. Qxd2 Qxe5 27. Re1 Qf6 28. Qe2 Ne7 29. exf7+ Bxf7 30. Bxh7+ Kxh7 31. Qxe7 Qxe7 32. Rxe7 Kg8 33. Ra7 Ra8 34. Rc7 Rd5 35. g4 Rad8 36. Nf5 R5d7 37. Rc5 Be6 38. Ne3 Rd2 39. Re5 Kf7 40. g5 Bh3 41. g6+ Kxg6 42. Bh4 R8d4 43. Be1 Rxb2 44. Bc3 Rb1+ 45. Kf2 Rd3 46. Nd5 Rf1+ 47. Ke2 Rf7 48. Bd2 Bg4+ 49. Ke1 Kh7 50. Rg5 Rf5 51. Rxf5 Bxf5 0-1

[Event "Xtracon Open 2019"]
[Site "Helsingor"]
[Date "2019.07.21"]
[Round "3"]
[White "Bach, Matthias"]
[Black "Hector, Jonny"]
[Result "0-1"]
[WhiteElo "2241"]
[BlackElo "2487"]
[Annotator "ChessBase"]
[PlyCount "102"]
[EventDate "2019.??.??"]
[EventCountry "DEN"]
[SourceTitle "playchess.com"]
[Source "ChessBase"]
[SourceQuality "1"]

1. e4 e5 2. d4 exd4 3. c3 Ne7 4. cxd4 d5 5. e5 c5 6. Nf3 Nbc6 7. Bg5 h6 8. Bf4 g5 9. Be3 g4 10. Ng1 Qb6 11. Ne2 Qxb2 12. Nbc3 Nb4 13. Rb1 Nc2+ 14. Kd2 Nxe3+ 15. Rxb2 Nxd1 16. Kxd1 Bg7 17. Nb5 O-O 18. Nc7 Rb8 19. Na6 bxa6 20. Rxb8 cxd4 21. Nc1 Nc6 22. Rb1 Nxe5 23. Bd3 Nc4 24. Re1 Bf6 25. Nb3 Ne5 26. Nc5 Nxd3 27. Nxd3 Bf5 28. Rb3 Rc8 29. f4 gxf3 30. gxf3 Kf8 31. f4 Bd8 32. Rg1 a5 33. Kd2 Bb6 34. Rc1 Re8 35. Re1 Be4 36. a4 Re6 37. Rg1 Rc6 38. h4 Rc4 39. Rc1 Rxa4 40. Rc6 Kg7 41. Ne5 Ra2+ 42. Kd1 Rg2 43. f5 d3 44. f6+ Kh7 45. Rbxb6 axb6 46. h5 Rg5 47. Nxf7 Rg1+ 48. Kd2 d4 49. Rc7 Rg2+ 50. Ke1 d2+ 51. Kf1 d1=R# 0-1

[Event "Xtracon Open 2019"]
[Site "Helsingor"]
[Date "2019.07.21"]
[Round "3"]
[White "Jaksland, Tim"]
[Black "Hauge, Lars Oskar"]
[Result "0-1"]
[WhiteElo "2230"]
[BlackElo "2476"]
[Annotator "ChessBase"]
[PlyCount "62"]
[EventDate "2019.??.??"]
[EventCountry "DEN"]
[SourceTitle "playchess.com"]
[Source "ChessBase"]
[SourceQuality "1"]

1. Nf3 f5 2. d3 d6 3. e4 e5 4. Nc3 Nc6 5. h3 Nf6 6. exf5 Bxf5 7. g4 Be6 8. d4 Nd5 9. Bg2 Nxc3 10. bxc3 Bc4 11. Be3 Be7 12. dxe5 O-O 13. exd6 Bxd6 14. Nd4 Qf6 15. g5 Qf7 16. Qf3 Qg6 17. Qe4 Qxe4 18. Bxe4 Rae8 19. Bg2 Nxd4 20. cxd4 Bb4+ 21. Kd1 Bc3 22. Rb1 b6 23. a4 Rd8 24. Bf1 Ba2 25. Rb5 Bxd4 26. Bd3 c6 27. Rb4 c5 28. Rb5 c4 29. Bxd4 Rxd4 30. Rb2 cxd3 31. Rxa2 Rxf2 0-1

[Event "Xtracon Open 2019"]
[Site "Helsingor"]
[Date "2019.07.21"]
[Round "3"]
[White "Nielsen, Andre"]
[Black "Holm, Kristian Stuvik"]
[Result "1/2-1/2"]
[WhiteElo "2229"]
[BlackElo "2469"]
[Annotator "ChessBase"]
[PlyCount "81"]
[EventDate "2019.??.??"]
[EventCountry "DEN"]
[SourceTitle "playchess.com"]
[Source "ChessBase"]
[SourceQuality "1"]

1. e4 c5 2. Nf3 e6 3. d4 cxd4 4. Nxd4 a6 5. Nc3 b5 6. Bd3 Qb6 7. Nb3 Qc7 8. O-O Bb7 9. Be3 Nf6 10. a3 d6 11. f4 Nbd7 12. Kh1 Be7 13. Qe1 h5 14. f5 e5 15. Bg5 Rc8 16. Rd1 Nb6 17. Nd2 Ng4 18. Nf3 Bxg5 19. Nxg5 Qc5 20. Rf3 h4 21. Nd5 Bxd5 22. exd5 Nf6 23. Ne4 Qc7 24. Qa5 Nxe4 25. Bxe4 Qb7 26. f6 g6 27. b3 Nd7 28. Qe1 Nc5 29. Rh3 Nxe4 30. Qxe4 Qc7 31. c4 bxc4 32. Rc1 Qd8 33. Qg4 Qd7 34. Rxh4 Qxg4 35. Rxh8+ Kd7 36. Rxc8 Qd4 37. Rc7+ Kd8 38. Rc8+ Kd7 39. Rc7+ Kd8 40. Rc8+ Kd7 41. Rc7+ 1/2-1/2

[Event "Xtracon Open 2019"]
[Site "Helsingor"]
[Date "2019.07.21"]
[Round "3"]
[White "Schmidt, Kristen"]
[Black "Bharath Subramaniyam H"]
[Result "1-0"]
[WhiteElo "2225"]
[BlackElo "2405"]
[Annotator "TA"]
[PlyCount "119"]
[EventDate "2019.??.??"]
[EventCountry "DEN"]
[SourceTitle "playchess.com"]
[Source "ChessBase"]
[SourceQuality "1"]

1. e4 e5 2. Nf3 d6 3. d4 exd4 4. Nxd4 Nf6 5. Nc3 Be7 6. Bc4 O-O 7. O-O c6 8. a4 Re8 9. Re1 Bf8 10. Bg5 Nbd7 11. f3 Qb6 12. Qd2 a5 13. Kh1 h6 14. Bh4 Ne5 15. Bf1 Be7 16. Bf2 Qc7 17. Rad1 Bd7 18. h3 Bf8 19. Bg1 Rad8 20. f4 Ng6 21. Qf2 Qb6 22. Qf3 Qc7 23. Bh2 h5 24. Bc4 h4 25. Re2 Bc8 26. Bb3 Re7 27. Qf2 Ree8 28. Nf3 Be7 29. f5 Ne5 30. Nxh4 d5 31. exd5 Bd6 32. Nf3 Nxf3 33. Rxe8+ Nxe8 34. Bxd6 Nxd6 35. Qxf3 Nxf5 36. dxc6 Rxd1+ 37. Qxd1 bxc6 38. Ne4 Qe7 39. Nf2 Bb7 40. Kg1 c5 41. Ng4 Qe4 42. Qf1 Nd6 43. c3 Bc6 44. Qf2 Qb1+ 45. Kh2 c4 46. Bc2 Qc1 47. Ne3 g6 48. Qf4 Ne8 49. Be4 Bxe4 50. Qxe4 Nd6 51. Qe5 Qd2 52. Qd4 Qe2 53. Ng4 Nf5 54. Qd8+ Kh7 55. Qf6 Qe8 56. Qxf5 Qb8+ 57. Qe5 Qxb2 58. Qf6 Qb8+ 59. Ne5 Kh6 60. Qf4+ 1-0

[Event "Xtracon Open 2019"]
[Site "Helsingor"]
[Date "2019.07.21"]
[Round "3"]
[White "Vesterli, Michael E."]
[Black "Roseneck, Jonas"]
[Result "0-1"]
[WhiteElo "2221"]
[BlackElo "2398"]
[Annotator "NA"]
[PlyCount "86"]
[EventDate "2019.??.??"]
[EventCountry "DEN"]
[SourceTitle "playchess.com"]
[Source "ChessBase"]
[SourceQuality "1"]

1. d4 Nf6 2. c4 g6 3. Nc3 d5 4. cxd5 Nxd5 5. Bd2 Bg7 6. e4 Nxc3 7. Bxc3 O-O 8. Be2 c5 9. d5 e6 10. Bc4 exd5 11. Bxd5 Nd7 12. Bxg7 Kxg7 13. Qd2 Nb6 14. O-O-O Nxd5 15. Qxd5 Be6 16. Qe5+ Qf6 17. Qxf6+ Kxf6 18. b3 c4 19. Kb2 Rfd8 20. Ne2 Ke5 21. Nc3 Rac8 22. g3 g5 23. f3 Rd3 24. Rhf1 Rxc3 25. Kxc3 cxb3+ 26. Kb2 Rc2+ 27. Kb1 Rxa2 28. h4 gxh4 29. f4+ Kxe4 30. f5 Bc8 31. Rde1+ Kd5 32. Re8 Bd7 33. Re7 Bb5 34. Rd1+ Kc6 35. gxh4 Bc4 36. Red7 a5 37. R7d2 b5 38. Rxa2 bxa2+ 39. Kb2 b4 40. h5 a4 41. h6 a3+ 42. Ka1 b3 43. f6 b2# 0-1

[Event "Xtracon Open 2019"]
[Site "Helsingor"]
[Date "2019.07.21"]
[Round "3"]
[White "Kvaloy, Aksel Bu"]
[Black "Rostgaard, Tobias Valentin"]
[Result "0-1"]
[WhiteElo "2205"]
[BlackElo "2390"]
[Annotator "NA"]
[PlyCount "64"]
[EventDate "2019.??.??"]
[EventCountry "DEN"]
[SourceTitle "playchess.com"]
[Source "ChessBase"]
[SourceQuality "1"]

1. e4 c5 2. Nf3 Nc6 3. Bb5 g6 4. O-O Bg7 5. Re1 Nf6 6. Nc3 O-O 7. e5 Ne8 8. Bxc6 dxc6 9. Ne4 b6 10. d3 Nc7 11. Bf4 Ne6 12. Bg3 Nd4 13. Nfd2 Be6 14. Ng5 Qd7 15. h3 Rad8 16. Nde4 h6 17. Nxe6 Qxe6 18. f4 Qd7 19. Bf2 f5 20. Nd2 Qd5 21. Nf3 Nxf3+ 22. Qxf3 Qxf3 23. gxf3 g5 24. fxg5 hxg5 25. h4 f4 26. hxg5 Rf5 27. Bh4 Kf7 28. Kg2 Rh8 29. e6+ Kg6 30. Kh3 Rxg5 31. Rg1 Bf6 32. Rae1 Rxh4+ 0-1

[Event "Xtracon Open 2019"]
[Site "Helsingor"]
[Date "2019.07.21"]
[Round "3"]
[White "Colbow, Collin"]
[Black "Sawatzki, Frank"]
[Result "1/2-1/2"]
[WhiteElo "2167"]
[BlackElo "2385"]
[Annotator "TA"]
[PlyCount "88"]
[EventDate "2019.??.??"]
[EventCountry "DEN"]
[SourceTitle "playchess.com"]
[Source "ChessBase"]
[SourceQuality "1"]

1. e4 c5 2. Nf3 Nc6 3. d4 cxd4 4. Nxd4 e6 5. Nc3 Qc7 6. Be2 a6 7. Be3 Nf6 8. a3 b5 9. Nxc6 dxc6 10. O-O Bb7 11. f4 c5 12. e5 Rd8 13. Qe1 Nd5 14. Nxd5 Bxd5 15. a4 c4 16. axb5 Bc5 17. Qf2 Bxe3 18. Qxe3 axb5 19. Ra7 Qc6 20. Qa3 Qb6+ 21. Kh1 Rd7 22. Ra6 Qb7 23. Bf3 Bxf3 24. gxf3 b4 25. Qa5 O-O 26. Rb6 Qc7 27. Qxb4 Rfd8 28. Kg2 g5 29. Rd6 Rxd6 30. exd6 Rxd6 31. fxg5 Rd4 32. Qe1 Qb8 33. b3 cxb3 34. cxb3 Qxb3 35. Qg3 Qd5 36. Rf2 Kg7 37. Re2 Rd2 38. Rxd2 Qxd2+ 39. Kh3 Kg6 40. f4 e5 41. fxe5 Qxg5 42. Qc3 h5 43. Qc6+ Kf5 44. Qe6+ fxe6 1/2-1/2

[Event "Xtracon Open 2019"]
[Site "Helsingor"]
[Date "2019.07.21"]
[Round "3"]
[White "Sidali, Elias Hulleberg"]
[Black "Percivaldi, Martin"]
[Result "0-1"]
[WhiteElo "2041"]
[BlackElo "2379"]
[Annotator "NA"]
[PlyCount "82"]
[EventDate "2019.??.??"]
[EventCountry "DEN"]
[SourceTitle "playchess.com"]
[Source "ChessBase"]
[SourceQuality "1"]

1. e4 c5 2. Nf3 e6 3. c4 Nc6 4. d4 cxd4 5. Nxd4 Bb4+ 6. Nc3 Nf6 7. Nxc6 dxc6 8. Qxd8+ Kxd8 9. Bd2 e5 10. Bd3 Ke7 11. f3 Rd8 12. Ke2 Bd6 13. Nd1 Nd7 14. b4 Nf8 15. Ne3 g6 16. Nc2 Ne6 17. g3 Bd7 18. c5 Bc7 19. Be3 Be8 20. Bc4 f6 21. Rhd1 Bf7 22. Bb3 a5 23. b5 a4 24. Bxe6 Bxe6 25. b6 Rxd1 26. Rxd1 Bd8 27. a3 Bb3 28. Rc1 Kf7 29. Nb4 Be7 30. Rc3 h5 31. Kf2 f5 32. exf5 gxf5 33. Rd3 Ke6 34. Rc3 Rh8 35. f4 e4 36. Bd4 Rd8 37. Be5 Kd7 38. Nc2 Bxc2 39. Rxc2 Ke6 40. Ke2 Rd3 41. Bb2 Kd5 0-1

[Event "Xtracon Open 2019"]
[Site "Helsingor"]
[Date "2019.07.21"]
[Round "3"]
[White "Knudsen, Ole"]
[Black "Malmstig, Erik"]
[Result "0-1"]
[WhiteElo "1969"]
[BlackElo "2357"]
[Annotator "NA"]
[PlyCount "88"]
[EventDate "2019.??.??"]
[EventCountry "DEN"]
[SourceTitle "playchess.com"]
[Source "ChessBase"]
[SourceQuality "1"]

1. e4 c5 2. Nf3 e6 3. g3 Nc6 4. d3 d5 5. Qe2 Be7 6. Bg2 h6 7. h4 Nf6 8. Bf4 Qb6 9. c3 c4 10. dxc4 dxe4 11. Ne5 Nxe5 12. Bxe5 e3 13. fxe3 Qa5 14. Bxf6 Bxf6 15. Nd2 Be5 16. Qf3 Qc7 17. O-O-O Bxg3 18. Ne4 Be5 19. c5 O-O 20. Qh5 f5 21. Ng5 hxg5 22. hxg5 g6 23. Qxg6+ Qg7 24. Qh5 Bd7 25. Rxd7 Qxd7 26. Qg6+ Bg7 27. Qh7+ Kf7 28. Qh5+ Ke7 29. Qg6 Rg8 30. Rd1 Qe8 31. Qxe8+ Raxe8 32. Bxb7 Rd8 33. Rxd8 Rxd8 34. Kc2 Be5 35. b4 Bg3 36. a4 Bf2 37. e4 f4 38. e5 Rg8 39. Kd3 Rxg5 40. Kc4 Kd8 41. Kb5 Kc7 42. Ka6 Kb8 43. a5 Rxe5 44. c4 Be1 0-1

[Event "Xtracon Open 2019"]
[Site "Helsingor"]
[Date "2019.07.21"]
[Round "3.1"]
[White "Grandelius, Nils"]
[Black "Haubro, Martin"]
[Result "1-0"]
[WhiteElo "2691"]
[BlackElo "2356"]
[Annotator "TA"]
[PlyCount "63"]
[EventDate "2019.07.19"]
[EventType "swiss"]
[EventCountry "DEN"]
[SourceTitle "playchess.com"]
[Source "ChessBase"]
[SourceQuality "1"]

1. Nf3 d5 2. g3 Nf6 3. Bg2 Bg4 4. O-O Nbd7 5. d4 e6 6. h3 Bh5 7. c4 c6 8. cxd5 cxd5 9. Qb3 Qb6 10. Nc3 Bd6 11. Qxb6 Nxb6 12. Ne5 a6 13. Bf4 Ke7 14. e4 dxe4 15. Nxe4 Nxe4 16. Bxe4 Rab8 17. Rfe1 Bg6 18. Bxg6 hxg6 19. Nxf7 Kxf7 20. Bxd6 Rbc8 21. h4 Rc2 22. Re3 Rd8 23. Bc5 Na4 24. Rf3+ Kg8 25. Ba3 Nxb2 26. Rb1 Nc4 27. Be7 Nd2 28. Bxd8 Nxf3+ 29. Kg2 Nxd4 30. Rxb7 Rxa2 31. Bb6 Rb2 32. Rxg7+ 1-0